000 00465nam a2200193 a 4500
001 1767590576033
003 ACL
005 20260105105718.0
008 260105s2004##################000#0#eng##
020 _a9780060548155
082 0 4 _a641.76
_bSTY
100 1 _aStyler, Christopher,
_eauthor.
245 1 0 _aSmokin' :
260 _bWilliam Morrow Cookbooks,
_c2004.
300 _a256 pages
650 0 _aCooking.
942 _cENGLISH
040 _aACL
_beng
_cACL
999 _c607311
_d607311